The Night Quiz Stats

 Plays Quiz Updated Jan 29, 2019

Support Sporcle.
Go Orange.
Score 0/26 Timer 07:00
2 Plays Today
Hint Answer % Correct
Christmas carol with lyrics 'Holy infant so tender and mild'Silent Night
78.7%
1984 Freddy Krueger film directed by Wes CravenA Nightmare on Elm Street
65.4%
Painting by Dutch post-impressionist artist Vincent van GoghStarry Night
61.2%
2006 film staring Ben StillerNight at the Museum
56.1%
Sketch comedy show created by Lorne MichaelsSaturday Night Live
55.5%
1976 Bay City Rollers songSaturday Night
48.5%
A song, album, and film from The BeatlesA Hard Day's Night
47.1%
Collection of folk tales that includes 'Ali Baba and the Forty Thieves'Arabian Nights
44.4%
Sports program that aired on ABC from 1970 to 2005 (intro song from Hank Williams Jr.)Monday Night Football
43.6%
Band with #1 singles 'Joy to the World' and 'Mama Told Me Not to Come'Three Dog Night
41.1%
ABC News program that was hosted by Ted Koppel from 1980 to 2005Nightline
36.8%
Director of the movie 'The Sixth Sense'M. Night Shyamalan
36%
1968 George Romero directed horror movieNight of the Living Dead
34.8%
Hint Answer % Correct
1980s sitcom starring Harry Anderson and John LarroquetteNight Court
34.4%
1980 AC/DC hit songYou Shook Me All Night Long
33.2%
Nickname given to serial killer Richard RamirezNight Stalker
31.4%
William Shakespeare comedy with the characters Olivia, Malvolio, and FabianTwelfth Night, Or What You Will
30.8%
1967 single by The Moody BluesNights in White Satin
22.2%
P.T. Anderson directed movie starring Mark WahlbergBoogie Nights
21.7%
2005 George Clooney directed filmGood Night, and Good Luck
20.7%
Band that sang the rock ballad 'Sister Christian'Night Ranger
20.2%
Film with the famous quote 'They call me Mister Tibbs'In the Heat of the Night
18.9%
1973 Vicki Lawrence country song later covered by Reba McEntireThe Night The Lights Went Out in Georgia
14.5%
2002 Nicholas Sparks novelNights in Rodanthe
14%
Stephen Sondheim musical with the song 'Send in the Clowns'A Little Night Music
11.6%
Collection of short stories by Stephen King which includes 'Children of the Corn'Night Shift
6%

From the Vault

Calculator Words

by vikZ

Goofing around in math class finally pays off!
Remove Ads.
Support Sporcle.
Get the best of Sporcle when you Go Orange. This ad-free experience offers more features, more stats, and more fun while also helping to support Sporcle. Thank you for becoming a member.

Show Comments

Extras

Top Quizzes Today


Score Distribution

Your Account Isn't Verified!

In order to create a playlist on Sporcle, you need to verify the email address you used during registration. Go to your Sporcle Settings to finish the process.

Report this User

Report this user for behavior that violates our Community Guidelines.

Details: